El juicio oral
I tiakina i:
| Kaituhi matua: | |
|---|---|
| Hōputu: | Pukapuka |
| Reo: | Pāniora |
| I whakaputaina: |
Santiago
Metropolitana
2003
|
| Ngā marau: | |
| Ngā Tūtohu: |
Tāpirihia he Tūtohu
Kāore He Tūtohu, Me noho koe te mea tuatahi ki te tūtohu i tēnei pūkete!
|
MARC
| LEADER | 00000cam a2200000 a 4500 | ||
|---|---|---|---|
| 001 | UCL1317 | ||
| 003 | CL-VaPUC | ||
| 008 | 030905e20030000CL |||||||||||||||||spa|d | ||
| 020 | |a 9562860337 | ||
| 082 | 0 | 4 | |a 347.8307 |b CER |2 21 |
| 100 | 0 | |a Cerda San Martín, Rodrigo |e author |9 478261 | |
| 245 | 1 | 3 | |a El juicio oral |
| 300 | |a 321 p | ||
| 942 | |c BK | ||
| 945 | |d 20030905 00:00:00 |a cmena | ||
| 260 | |a Santiago |b Metropolitana |c 2003 | ||
| 650 | 0 | |a Procedimiento civil |9 254870 | |
| 650 | 0 | |a Derecho procesal |z Chile |9 454338 | |
| 650 | 0 | |a Juicios |9 327339 | |
| 650 | 0 | |a Reforma procesal penal |9 471095 | |
| 583 | |a last modification |c 20181005 12:57:50 |k Rodrigo Vera | ||
| 999 | |c 304956 |d 304954 | ||
| 952 | |0 0 |1 0 |3 erb |4 0 |6 347_830700000000000_CER_2003 |7 0 |8 A |9 367829 |a BIBDER |b BIBDER |e Mateluna Arestizabal, Alfredo Sergio |i 5491908 |o 347.8307 CER 2003 |p 5491908 |r 2023-01-25 |w 2019-11-21 |y BK |z Catalogado en:20181005 |k DER | ||